000 01493cam a22003374a 4500
001 13646099
003 OSt
005 20150408114002.0
008 040706s2004 gw a b 101 0 eng
010 _a 2004109934
020 _a354022839X (softccover : alk. paper)
040 _aDLC
_cDLC
_dDLC
042 _apcc
050 0 0 _aQA76.76.D47
_bX63 2004
082 0 0 _a005.1
_222
111 2 _aXP/Agile Universe 2004
_d(2004 :
_cCalgary, Alta.)
_98951
245 1 0 _aExtreme programming and agile methods--XP/Agile Universe 2004 :
_b4th Conference on Extreme Programming and Agile Methods, Calgary, Canada, August 15-18, 2004 : proceedings /
_cCarmen Zannier, Hakan Erdogmus, Lowell Lindstrom (eds.).
260 _aBerlin ;
_aNew York :
_bSpringer,
_c2004.
300 _axiv, [233] p. :
_bill. ;
_c24 cm.
440 0 _aLecture notes in computer science ;
_v3134
_98952
504 _aIncludes bibliographical references and index.
650 0 _aAgile software development
_vCongresses.
_98953
650 0 _aeXtreme programming
_vCongresses.
_98954
700 1 _aZannier, Carmen.
_98955
700 1 _aErdogmus, Hakan.
_98956
700 1 _aLindstrom, Lowell.
_98957
856 4 1 _uhttp://www.springerlink.com/openurl.asp?genre=issue&issn=0302-9743&volume=3134
_zRestricted to Springer LINK subscribers
856 4 2 _3Publisher description
_uhttp://www.loc.gov/catdir/enhancements/fy0814/2004109934-d.html
942 _2ddc
_cBOOK
999 _c20178
_d254678